| 000 | 00457nam a22001937a 4500 | ||
|---|---|---|---|
| 003 | LK-CoDNM | ||
| 005 | 20250121131208.0 | ||
| 008 | 250116b |||||||| |||| 00| 0 eng d | ||
| 040 |
_aLK-CoDNM _dLK-CoDNM _eLK-CoDNM |
||
| 041 | _aeng | ||
| 080 |
_a11 _bX22 |
||
| 100 | _aLe Goc, J | ||
| 245 | _aEffect of foreign pollination on Cycas Rumphii | ||
| 260 | _c1917 | ||
| 300 | _b8p. : ill ; 25 cm | ||
| 650 | _aScience | ||
| 650 | _a1917 | ||
| 942 | _cBK | ||
| 999 |
_c237176 _d237176 |
||